|
|
|
|
| LEADER |
00000cam a22000004a 4500 |
| 001 |
musev2_30698 |
| 003 |
MdBmJHUP |
| 005 |
20230905043238.0 |
| 006 |
m o d |
| 007 |
cr||||||||nn|n |
| 008 |
130805s2006 nju o 00 0 eng d |
| 020 |
|
|
|a 9781400849116
|
| 020 |
|
|
|z 0691122253
|
| 020 |
|
|
|z 9780691136424
|
| 020 |
|
|
|z 0691136424
|
| 020 |
|
|
|z 140084911X
|
| 020 |
|
|
|z 9780691122250
|
| 040 |
|
|
|a MdBmJHUP
|c MdBmJHUP
|
| 100 |
1 |
|
|a Petroski, Henry.
|
| 245 |
1 |
0 |
|a Success through Failure :
|b The Paradox of Design /
|c Henry Petroski.
|
| 264 |
|
1 |
|a Princeton :
|b Princeton University Press,
|c 2006.
|
| 264 |
|
3 |
|a Baltimore, Md. :
|b Project MUSE,
|c 0000
|
| 264 |
|
4 |
|c ©2006.
|
| 300 |
|
|
|a 1 online resource:
|b illustrations
|
| 336 |
|
|
|a text
|b txt
|2 rdacontent
|
| 337 |
|
|
|a computer
|b c
|2 rdamedia
|
| 338 |
|
|
|a online resource
|b cr
|2 rdacarrier
|
| 490 |
0 |
|
|a Engineering case studies online
|
| 505 |
0 |
|
|a From Plato's cave to PowerPoint -- Success and failure in design -- Intangible things -- Things small and large -- Building on success -- Stepping-stones to super-spans -- The historical future.
|
| 520 |
|
|
|a Examines many of the failed designs and inventions that led to greater improvements siting as examples the 1940 collapse of the Tacoma Narrows Bridge and the space shuttle disasters.
|
| 546 |
|
|
|a This edition in English.
|
| 588 |
|
|
|a Description based on print version record.
|
| 650 |
|
7 |
|a Technik
|2 gnd
|
| 650 |
|
7 |
|a Planung
|2 gnd
|
| 650 |
|
7 |
|a Fehler
|2 gnd
|
| 650 |
|
7 |
|a Entwurf
|2 gnd
|
| 650 |
|
7 |
|a System failures (Engineering)
|2 fast
|0 (OCoLC)fst01141412
|
| 650 |
|
7 |
|a Engineering design.
|2 fast
|0 (OCoLC)fst00910453
|
| 650 |
|
7 |
|a TECHNOLOGY & ENGINEERING
|x Civil
|x General.
|2 bisacsh
|
| 650 |
|
7 |
|a TECHNOLOGY & ENGINEERING
|x Reference.
|2 bisacsh
|
| 650 |
|
7 |
|a TECHNOLOGY & ENGINEERING
|x Engineering (General)
|2 bisacsh
|
| 650 |
|
6 |
|a Pannes
|v Études de cas.
|
| 650 |
|
6 |
|a Conception technique
|v Études de cas.
|
| 650 |
|
0 |
|a System failures (Engineering)
|v Case studies.
|
| 650 |
|
0 |
|a Engineering design
|v Case studies.
|
| 655 |
|
7 |
|a Case studies.
|2 fast
|0 (OCoLC)fst01423765
|
| 655 |
|
7 |
|a Electronic books.
|2 local
|
| 710 |
2 |
|
|a Project Muse.
|e distributor
|
| 830 |
|
0 |
|a Book collections on Project MUSE.
|
| 856 |
4 |
0 |
|z Texto completo
|u https://projectmuse.uam.elogim.com/book/30698/
|
| 945 |
|
|
|a Project MUSE - Custom Collection
|